000 00771nam a2200253Ia 4500
003 OSt
005 20221005050049.0
006 a|||||r|||| 00| 0
007 ta
008 221004b |||||||| |||| 00| 0 ben d
020 _a8176128619 (hbk)
_c200
024 _a4372
037 _b777, 18/03/2013, Bright Book Service
_cTextual
040 _aCRL
_cCRL
_bben
041 _2ben
_aben
082 _aO157,3N303x, P2.2
100 _aSiraj Syed Mustafa
245 0 _aUpanyas samagra
260 _aKolkata
_bSudhangshu Sekhar Dey Dey's Publishing India
_c2002
490 _vVol. 2
650 _aBENGALI LITERATURE
942 _hO157,3N303x, P2.2
_cTEXL
_2cc
999 _c956244
_d956244